000
00282nam a2200121Ia 4500
008
191201s2018 xx 000 0 und d
100
_a
VANHORNE, James C
245
0
_a
Financial Management and Policy
260
_b
Pearson
_c
2018
300
_a
940
650
_a
MBA
942
_2
ddc
_c
BK
999
_c
7004
_d
7004